000 04921nam a2200313Ia 4500
003 OSt
005 20211117141438.0
008 210310s2010 sp ad fr 000 0dspa d
020 _a9788437506333
040 _aCO-JMCR
_cCO-JMCR
041 0 _aspa
082 0 4 _a338.98063 /
_bV648d
_223
100 1 _aVidal, Gregorio,
_918369
_ecoordinador
245 1 0 _aDesarrollo y transformación :
_bopciones para América Latina /
_cGregorio Vidal, Arturo Guillén y José Déniz, coordinadores
250 _aPrimera edición
260 _aMadrid :
_bFondo de Cultura Económica,
_c©2010
300 _a492 páginas :
_bilustraciones y gráficas a blanco y negro ;
_c23 cm.
490 0 _aSección de Obras de Economía
500 _aIncluye notas a pie de página.
504 _aBibliografía al final de cada capítulo.
505 0 _tFurtado y la renovación de la agenda del desarrollo /
_rOctavio Rodríguez
_tAmérica Latina: del Consenso de Washington a la construcción de alternativas para el desarrollo y la democracia /
_rGregorio Vidal
_t¿Qué socialismo es opción para el desarrollo de América Latina? (Hacia el análisis del nuevo proyecto histórico "el socialismo del siglo xxi") /
_rAlexander Tarassiouk
_tObstáculos a la transformación de América Latina /
_rArturo Guillén
_tTeoría del desarrollo y coyuntura actual en América Latina /
_rAlicia Girón
_tInnovación social para el desarrollo en América Latina: construyendo desde la praxis /
_rOmar de León Naveiro
_tPolíticas y estrategias de desarrollo en América Latina y los países del Sudeste asiático /
_rHéctor Guillén Romo
_tEstado y desarrollo. Hacia una nueva agenda /
_rTeresa Aguirre
_tAmérica Latina: el superávit fiscal, un obstáculo al financiamiento del desarrollo /
_rEugenia Correa
_tEstructuras económicas primarizadas en América del Sur: ¿aprovechando o despilfarrando el mejoramiento en los términos de intercambio? /
_rJames cypher
_tCrisis del Mercosur y perspectivas de desarrollo /
_rJose Deniz
_tEl Banco del Sur y la banca pública nacional: enlaces posibles /
_rWesley C. Marshall
_tEconomía y seguridad social en América Latina /
_rSergio Cabrera Morales
_tLos modelos alternativos de desarrollo frente al desafío de la migración internacional /
_rJose Luis Ávila
_tAmérica del Sur: del destino a la construcción /
_rMarco Aurelio García
_tLa economía argentina: situación actual y perspectivas /
_rAldo Ferrer
_tEl gobierno del Frente Amplio: logros y desafíos /
_rAlberto Couriel
_tEcuador: del "no-país" al proyecto del movimiento PAIS. ¿Son las políticas laborales y migratorias actuales elementos de una nueva estrategia de desarrollo para Ecuador? /
_rAntonio Palazuelos
_tLa experiencia de México: desarrollo nacional y dependencia externa. La revolución democrática: un mandato histórico /
_rIfigenia Martínez
_tDel crecimiento al desarrollo en México /
_rEdmar Salinas Callejas
_tBanca en México, forma funcional en un escenario de desregulación financiera /
_rRoberto Soto
_tProductividad de la industria manufacturera en México, bajo el teorema del desarrollo restringido por la balanza de pagos /
_rTsuyoshi Yasuhara
_tLos programas de remesas colectivas en México y Ecuador /
_rRodolfo García Zamora
_tAlcances y limitaciones en las estrategias de crecimiento en México, Brasil y China /
_rMaría Elena Tavera
520 3 _aDespués de un largo periodo de bajo crecimiento, América Latina registro desde 2003 un aumento sostenido en su producción que permitió mejoras en los ingresos medios por habitante. Como se analiza en este libro, los buenos resultados son fruto de la aplicación de políticas económicas que en diversa medida se alejan de las recomendaciones del FMI y de lo conocido como agenda del Consenso de Washington. Los lectores encontrarán la exposición y el análisis las estrategias ejecutadas en varios países de la región; así como, la discusión de temas sobresalientes para construir una estrategia de desarrollo. Las continuidades y los cambios que se están llevando a cabo en los países de la zona se examinan de forma tal que permiten considerar el proceso de la crisis global en curso. Como se sostiene en la introducción, la situación de América Latina es sin duda compleja. con graves dificultades acentuadas por la crisis. Sin embargo, como se demuestra a lo largo de los diversos artículos, frente a ello, es imprescindible profundizar en los procesos de transformación económica y política y avanzar en esquemas de integración que consideren la relación sur-sur, por tanto, apostar con firmeza por el desarrollo y la democracia.
650 1 4 _aDesarrollo económico
_918371
_zAmérica Latina
650 2 4 _aGlobalización
_zAmérica Latina
_939074
650 2 4 _aMercosur
_941567
700 1 _aGuillén, Arturo,
_ecoordinador
_941568
700 1 _aDéniz, José,
_ecoordinador
_941569
942 _2ddc
_cBK
999 _c8818
_d8818